000 00704nam a2200253Ia 4500
003 OSt
005 20220918214422.0
006 a|||||r|||| 00| 0
007 ta
008 220917b |||||||| |||| 00| 0 eng d
024 _a137,408
037 _cTextual
040 _aARTS
_cARTS
_beng
041 _2eng
_aeng
082 _aY:351.2.N8, M5
100 _aPritchett Frances W
_9131259
245 0 _aMarvelous encounters
_b Folk romance in Urdu and Hindi
260 _aNew Delhi
_bManohar
_c1985
300 _aviii, 220p.
_ccm.
500 _aBibliography p207-216
650 _aSOCIOLOGY
942 _hY:351.2.N8, M5
_cTEXL
_2CC
999 _c260489
_d260489